000 00660nam a2200217Ia 4500
001 10006
003 GE_BSU
008 181216s||||||||xx |||||||||||||| ||und||
040 _cGE_BSU
080 _a821.353.1–32
100 _aონაშვილი,ნათელა
245 _aფერადი ფოთლები
245 _bმოთხრობები
245 _cრედ.ნ.მაძაღუა.მხატვ.ზ.ხაბაძე
260 _aთბილისი
260 _bმერანი
260 _c1971
300 _a162გვ.16სმ.
653 _aფერადი ფოთლები
942 _cBK
999 _c43279
_d43279